Sample-path analysis of queuering systems

Αποθηκεύτηκε σε:
Λεπτομέρειες βιβλιογραφικής εγγραφής
Κύριος συγγραφέας: El-Taha, Muhammad
Άλλοι συγγραφείς: Stidham, Shaler
Μορφή: Βιβλίο
Γλώσσα:English
Δημοσίευση: Boston ; London : Kluwer Academic, c1999
Σειρά:International series in operations research & management science ; ; 11
Θέματα:
Ετικέτες: Προσθήκη ετικέτας
Δεν υπάρχουν, Καταχωρήστε ετικέτα πρώτοι!

MARC

LEADER 00000nam a2200000 i 4500
001 1/70957
008 080117s1999 eng d
020 |a 0-7923-8210-2 
035 |l 10093802 
040 |a GR-MY-UA  |b gre  |e aacr 
041 0 |a eng 
082 0 |a 658.4034  |2 (22) 
100 1 |a El-Taha, Muhammad. 
245 1 0 |a Sample-path analysis of queuering systems /  |c Muhammad El-Taha, Shaler Stigham, Jr 
260 |a Boston ; London :   |b Kluwer Academic,   |c c1999 
300 |a xii, 295 σ.;  |c 25 εκ. 
490 1 |a International series in operations research & management science  |v ; 11 
504 |a Περιέχει βιβλιογραφικές παραπομπές (σ. 275-291) και ευρετήριο 
650 0 0 |a Queuing theory. 
650 0 0 |a Path analysis (Statistics) 
700 1 |a Stidham, Shaler. 
830 0 |a International series in operations research & management science ;  |v ; 11 
852 |a INST  |b SAMOS  |e 20080117  |h 658.4034 ELT  |p 005300027276  |q 005300027276  |t BK  |y 0 
901 |a BIBL3-2008-1 
909 |a Σ  |b 143492 
922 |a 3ΕΛΗ  |b 200712  |c ΤΜΗΜΑ ΜΑΘΗΜΑΤΙΚΩΝ  |d ΕΛΕΥΘΕΡΟΥΔΑΚΗΣ 
970 |a ΡΟΥΣΣΟΥ  |b ΚΩΝΣΤΑΝΤΙΝΑ  |z 2008/01/17